Statistics for Cities Closest to Los Angeles with a Map

Click here to take the quiz!

General Stats

  • This quiz has been taken 139 times
  • The average score is 20 of 31

Answer Stats

Distance Pop City % Correct
112 mi3.34 mSan Diego
97%
348 mi4.73 mSan Francisco
96%
961 mi3.87 mSeattle
95%
224 mi2.20 mLas Vegas
93%
827 mi2.45 mPortland
92%
357 mi4.74 mPhoenix
91%
580 mi1.20 mSalt Lake City
90%
306 mi1.99 mSan Jose
90%
830 mi2.89 mDenver
89%
670 mi710 kBoise
86%
362 mi2.32 mSacramento
86%
130 mi1.84 mTijuana
84%
700 mi845 kEl Paso
84%
663 mi911 kAlbuquerque
83%
815 mi724 kColorado Springs
73%
442 mi1.02 mTucson
73%
205 mi989 kFresno
71%
941 mi551 kSpokane
59%
705 mi1.39 mCiudad Juárez
57%
49 mi4.58 mRiverside
57%
101 mi893 kBakersfield
54%
560 mi618 kProvo
51%
319 mi745 kStockton
44%
602 mi665 kOgden
42%
796 mi918 kChihuahua
42%
190 mi988 kMexicali
38%
54 mi854 kOxnard
29%
392 mi504 kSanta Rosa
24%
292 mi548 kModesto
24%
548 mi884 kHermosillo
23%
914 mi905 kCuliacán
14%

Score Distribution

Percentile by Number Answered

Percent of People with Each Score

Your Score History

You have not taken this quiz